Top U.S. Cities For LGBT Retirement - Statistics

General Stats
  • This quiz has been taken 94 times
  • The average score is 15 of 20
Answer Stats
State City % Correct
CA San Francisco
92%
CA San Diego
89%
TX Austin
87%
CA Los Angeles
86%
WA Seattle
86%
FL Tampa
86%
GA Atlanta
82%
LA New Orleans
81%
OR Portland
81%
MA Boston
80%
UT Salt Lake City
80%
OH Cleveland
75%
OH Columbus
75%
RI Providence
73%
PA Pittsburgh
71%
MD Baltimore
70%
NM Santa Fe
68%
NM Albuquerque
65%
FL Fort Lauderdale
61%
CA Palm Springs
34%
No matching quizzes found
Score Distribution
Percent of People with Each Score
Percentile by Number Answered
Your Score History
You have not taken this quiz